000 00773nam a22002417a 4500
001 BR7375240
003 BR-BrBNA
005 20230928084413.0
007 ta
008 230509b bl.||||| |||| 00| 0 por d
040 _aBR-BrBNA
_bpor
_cBiblioteca Nacional de Agricultura
041 _a(Por)
072 _aE10
_b/G514
090 _ E10 BR7375240
110 1 _aBanco do Nordeste do Brasil S.A., Fortaleza, CE. Carteira Rural
_91151
111 1 _aSeminario sobre Desenvolvimento do Credito Agricola na America Latina
_cPanama (Panama)
_dNov 1957
245 1 _aEmprestimos rurais, processamento e assistencia [Brasil]
260 3 _aFortaleza, CE (Brasil):
_c1957.
300 _a22 p.
650 _aCREDITO RURAL
909 _a202309
_bLucia
_c55
_dLucia Elande
942 _cBK
999 _c18722
_d18722